LEADER 01775nam0 22003973i 450 001 LO10088459 005 20251003044207.0 010 $a8823000785 100 $a19920529d1992 ||||0itac50 ba 101 | $aita 102 $ait 181 1$6z01$ai $bxxxe 182 1$6z01$an 200 1 $aContrattazione e codeterminazione$everso una nuova cultura del conflitto e della partecipazione$fa cura di Tiziano Rinaldini 210 $aRoma$cEdiesse$dc1992 215 $a297 p.$d19 cm 225 | $aRagionamenti 300 $aAtti del convegno, Bologna, 5-6 settembre 1991. 410 0$1001CFI0022218$12001 $aRagionamenti 606 $aRelazioni industriali$xEmilia-Romagna$xCongressi$x1991$2FIR$3BVEC070741$9I 676 $a331.0112$9DEMOCRAZIA INDUSTRIALE$v20 676 $a331.0112$9DEMOCRAZIA INDUSTRIALE.$v21 676 $a331.89$9CONTRATTAZIONE COLLETTIVA E VERTENZE SINDACALI$v20 676 $a331.890945$9CONTRATTAZIONE COLLETTIVA E VERTENZE SINDACALI. Italia$v23 696 $aConvegni$aCongressi e convegni 699 $aCongressi$yConvegni 699 $aCongressi$yCongressi e convegni 702 1$aRinaldini$b, Tiziano$3LO1V028979 801 3$aIT$bIT-000000$c19920529 850 $aIT-BN0095 901 $bNAP 01$cPOZZO LIB.$nVi sono collocati fondi di economia, periodici di ingegneria e scienze, periodici di economia e statistica e altri fondi comprendenti documenti di economia pervenuti in dono. 912 $aLO10088459 950 0$aBiblioteca Centralizzata di Ateneo$c1 v.$d 01POZZO LIB.ECON MON 6895$e 0101 0700188935E VMA 1 v. (Precedente collocazione 18 Ec 893)$fB $h20220725$i20220725 977 $a 01 996 $aContrattazione e codeterminazione$91438595 997 $aUNISANNIO